01050nabaa22001697a 4500003000400000005001700004008004100021040000700062100002500069245011800094300001200212500003600224505039200260505008900652650002700741773011200768OSt20260129014503.0190701b xxu||||| |||| 00| 0 spa d cPJ aMairal, Héctor A. 13aLa denuncia de ilegitimidad y la acción de indemnización después de la Ley de Bases /cHéctor A. Mairal.  ap. 8-18 aCita: TR LALEY AR/DOC/807/2025  aSumario: I. Introducción.— II. El régimen de los plazos de caducidad de la LPA. — III. La reformas introducidas por la Ley de Bases.— IV. El verdadero significado del agotamiento de la vía administrativa.— V. La obligación de revocar el acto afectado de nulidad absoluta.— VI. La pérdida de la acción de daños en 30 días.— VII. La solución que corresponde.  t¿Te interesa el texto completo? Comunicate al correo: koha@justierradelfuego.gov.ar 0aDERECHO ADMINISTRATIVO0 02842dBuenos Aires : AbeledoPerrot, 2012-oDA121tDerecho administrativo. Nº 159 mayo/junio 2025z18510590